[Event "8th Chervonograd IM"]
[Site "Chervonograd UKR"]
[Date "2012.11.15"]
[Round "3.2"]
[White "Doluhanova,E"]
[Black "Vovk,I"]
[Result "1/2-1/2"]
[WhiteElo "2287"]
[BlackElo "2232"]

1.e4 g6 2.d4 Bg7 3.Nc3 c6 4.Nf3 d6 5.h3 Nd7 6.Be3 Ngf6 7.Qd2 Qa5 8.Bd3 e5
9.O-O O-O 10.Rad1 b5 11.a3 Qc7 12.Ne2 d5 13.dxe5 Nxe4 14.Bxe4 dxe4 15.Ng5 Nxe5
16.Bc5 Nc4 17.Qf4 Qxf4 18.Nxf4 Nxb2 19.Bxf8 Bxf8 20.Rd8 Kg7 21.Nxe4 Bxa3
22.Ra1 Be7 23.Re8 Bf8 24.Rb1 Nc4 25.Rd1 Bg4 26.Rxa8 Bxd1 27.Rxa7 Bxc2 28.Ne6+ Kh6
29.Rxf7 Bxe4 30.Nxf8 g5 31.f3 Bd3 32.Rb7 Na5 33.Rb6 Kg7 34.Nd7 Bg6 35.Ne5 Be8
36.Ra6 Nb3 37.Nxc6 Nc5 38.Rb6 Na4 39.Rb7+ Kf6 40.Nb4 h5 41.Kf2 Nc5 42.Rc7 Ne6
43.Ra7 h4 44.Ra6 Ke5 45.Ke3 Nf4 46.Nd3+ Nxd3 47.Kxd3 Bf7 48.Rb6 Bc4+ 49.Ke3 Bf1
50.Kf2 Bd3 51.g3 Kd4 52.gxh4 gxh4 53.Rh6 b4 54.Rxh4+ Kc3 55.Rxb4 Kxb4 56.Ke3 Kc4
57.h4 Bg6 58.Kf4 Bh5 59.Ke4 Bxf3+ 60.Kxf3 Kd5 61.Kf4 Ke6 62.Kg5 Kf7 63.Kh6 Kg8
64.Kg6  1/2-1/2

[Event "WY GU18 2012"]
[Site "Maribor SLO"]
[Date "2012.11.16"]
[Round "9.36"]
[White "Juarez,Leticia"]
[Black "Comas Colon,Rinelly"]
[Result "1-0"]
[WhiteElo "1822"]
[BlackElo "1810"]

1.e4 g6 2.d4 Bg7 3.Nc3 c6 4.Nf3 d5 5.h3 Nf6 6.exd5 cxd5 7.Be3 Nc6 8.Bd3 Nb4
9.Bb5+ Bd7 10.Bxd7+ Qxd7 11.a3 Nc6 12.Ne5 Qc7 13.Nxc6 Qxc6 14.f3 Rc8 15.Qd2 a6
16.Rc1 O-O 17.Ne2 Ne8 18.Bh6 Nd6 19.b3 Nb5 20.Bxg7 Kxg7 21.Qb4 Nc3 22.Nxc3 Qxc3+
23.Qxc3 Rxc3 24.Kd2 Rfc8 25.Rhe1 Kf6 26.Re3 Rxe3 27.Kxe3 b5 28.Kd3 Ke6 29.Ra1 Kd6
30.c3 a5 31.a4 b4 32.Rc1 f6 33.Rc2 h6 34.cxb4 Rxc2 35.Kxc2 axb4 36.Kd3 g5
37.g3 f5 38.Ke3 h5 39.h4 f4+ 40.gxf4 gxf4+  1-0

[Event "22nd World Seniors Women"]
[Site "Kamena Vourla GRE"]
[Date "2012.11.17"]
[Round "5.7"]
[White "Kabanova,I"]
[Black "Khmiadashvili,T"]
[Result "0-1"]
[WhiteElo "1976"]
[BlackElo "2115"]

1.e4 c6 2.d4 g6 3.Nc3 Bg7 4.Nf3 d6 5.h3 b5 6.a3 a6 7.Be3 Nd7 8.Be2 Nb6 9.Nd2 h5
10.Bf3 d5 11.exd5 cxd5 12.O-O Nf6 13.Nb3 Bf5 14.Nc5 h4 15.b3 Kf8 16.Qd2 Qc8
17.Kh2 Qc6 18.Rac1 Ne4 19.Bxe4 Bxe4 20.Ne2 Bf5 21.c3 Nc8 22.Ng1 Nd6 23.Kh1 f6
24.Ne2 Kf7 25.Ng1 a5 26.a4 bxa4 27.Nxa4 Ne4 28.Qe1 Rhb8 29.Qd1 Qb5 30.c4 Qxb3
31.Qxb3 Rxb3 32.c5 Rd8 33.Ne2 e5 34.Kg1 Bd7 35.c6 Be6 36.Rb1 Rdb8 37.Nec3 Nxc3
38.Nxc3 Rxb1 39.Rxb1 Rxb1+ 40.Nxb1 Ke7 41.Bd2 Kd6 42.Bxa5 Kxc6 43.Bc3 e4
44.Kf1 Bc8 45.Ke1 f5 46.Nd2 f4 47.Kf1 g5 48.Kg1 Kb5 49.Kh2 Bf8 50.Nf1 Kc4
51.Ba5 Be7 52.Bb6 Kd3 53.g3 e3 54.fxe3 fxe3  0-1

[Event "WY GU16 2012"]
[Site "Maribor SLO"]
[Date "2012.11.17"]
[Round "10.4"]
[White "Nandhidhaa,P"]
[Black "Imnadze,N"]
[Result "0-1"]
[WhiteElo "2166"]
[BlackElo "2070"]

1.e4 g6 2.d4 Bg7 3.Nc3 c6 4.f4 d5 5.e5 h5 6.Nf3 Nh6 7.Be3 Bg4 8.h3 Bxf3 9.Qxf3 Nf5
10.Bf2 h4 11.O-O-O e6 12.Bd3 Nd7 13.Rhe1 Bf8 14.Kb1 Be7 15.Ne2 b5 16.Bxf5 exf5
17.g4 hxg3 18.Nxg3 Nf8 19.Rh1 Ne6 20.Ne2 Rh5 21.h4 Kd7 22.Rh3 Qb6 23.Rdh1 Rah8
24.R1h2 Qd8 25.Qh1 Ng7 26.Qe1 R5h7 27.Nc1 Ne6 28.Nd3 Rh5 29.Qh1 Qb6 30.Qe1 Qd8
31.a3 Qb6 32.Qc3 Rb8 33.Be3 a5 34.Qe1 b4 35.a4 b3 36.c4 Qa6 37.Nc5+ Bxc5
38.cxd5 Qd3+ 39.Kc1 Nxd4 40.e6+ Kc7 41.d6+ Bxd6 42.Qxa5+ Kb7 43.Rd2 Qc4+
44.Qc3 Qf1+ 45.Rd1 Ne2+ 46.Kd2 Qxd1+ 47.Kxd1 Nxc3+ 48.bxc3 b2 49.Kc2 Kc7
50.Kb1 fxe6  0-1

[Event "TCh-FIN SM 2012-13"]
[Site "Helsinki FIN"]
[Date "2012.11.18"]
[Round "7.2"]
[White "Laine,Pan"]
[Black "Sulskis,S"]
[Result "0-1"]
[WhiteElo "2213"]
[BlackElo "2564"]

1.e4 g6 2.d4 Bg7 3.Nc3 c6 4.Be3 d5 5.Qd2 e6 6.h4 Nd7 7.Nf3 h6 8.exd5 cxd5
9.Nb5 a6 10.Nd6+ Kf8 11.c4 Ne7 12.Rc1 dxc4 13.Bxc4 Nb6 14.Bf4 Kg8 15.Bb3 Nbd5
16.Bg3 Nf5 17.Nxf5 gxf5 18.O-O b6 19.Bxd5 Qxd5 20.Rc7 a5 21.Rfc1 Bb7 22.Qc2 Rd8
23.Be5 Bxe5 24.dxe5 Rh7 25.Qc4 Rg7 26.Qxd5 Bxd5 27.Rc8 Rxc8 28.Rxc8+ Kh7
29.Ne1 Rg4 30.Rb8 Rb4 31.b3 a4 32.Nc2 axb3 33.axb3 Rxb3 34.Ne3 Rb1+ 35.Kh2 Bc6
36.Nc4 Rb4 37.Nd6 Rxh4+ 38.Kg1 Rg4 39.g3 Ra4 40.f4 Ra3 41.Rxb6 Rxg3+ 42.Kh2 Rg2+
43.Kh3 Bd5 44.Ne8 Ra2 45.Nf6+ Kg7 46.Rb8 Ra8 47.Rxa8 Bxa8 48.Kh4 Bf3 49.Kg3 Bd1
50.Kh4 Kf8 51.Kg3 Ke7 52.Ng8+ Ke8 53.Kh4 Be2 54.Nf6+ Kd8 55.Ng8 h5 56.Kg5 Kd7
57.Nf6+ Kc6 58.Ng8 Kd5 59.Nh6 Ke4 60.Nxf7 h4 61.Kxh4 Kxf4  0-1

[Event "WY BU18 2012"]
[Site "Maribor SLO"]
[Date "2012.11.18"]
[Round "11.8"]
[White "Bortnik,N"]
[Black "Anton Guijarro,D"]
[Result "0-1"]
[WhiteElo "2387"]
[BlackElo "2559"]

1.e4 g6 2.d4 Bg7 3.Nc3 c6 4.Bc4 d6 5.Qf3 e6 6.Nge2 Nd7 7.a4 Ngf6 8.O-O O-O
9.a5 c5 10.Be3 cxd4 11.Bxd4 Ne5 12.Bxe5 dxe5 13.Rfd1 Qc7 14.Qd3 Bd7 15.a6 bxa6
16.Bxa6 Rfb8 17.b3 Bf8 18.Bc4 Bc5 19.Qf3 Kg7 20.Ra6 Rb6 21.Rda1 Bc6 22.Rxb6 axb6
23.Rxa8 Bxa8 24.Ng3 h5 25.h3 Qa7 26.Bd3 Qa5 27.Nge2 Qa1+ 28.Kh2 Qe1 29.g3 Bxf2
30.b4 Bd4 31.Nb5 Qd2 32.g4 hxg4 33.hxg4 Be3 34.Nc3 Bf4+ 35.Kh3 Nh7 36.Kg2 Ng5
37.Qf2 Be3 38.Qg3 Bd4 39.Nb1 Bxe4+ 40.Kh2 Qd1 41.Bxe4 Qxe2+ 42.Bg2 Qd1  0-1

[Event "8th Chervonograd IM"]
[Site "Chervonograd UKR"]
[Date "2012.11.19"]
[Round "11.6"]
[White "Podolsky,A"]
[Black "Vovk,I"]
[Result "1-0"]
[WhiteElo "2270"]
[BlackElo "2232"]

1.e4 g6 2.d4 Bg7 3.Nc3 c6 4.g3 d5 5.exd5 cxd5 6.Bg2 e6 7.Nf3 Nc6 8.O-O Nge7
9.Ne2 b5 10.Bg5 Qb6 11.Qd2 Nf5 12.c3 a5 13.Bf4 Ba6 14.g4 Nfe7 15.Rfe1 b4
16.Nc1 a4 17.Nd3 Bxd3 18.Qxd3 a3 19.Rab1 Qa6 20.Qxa6 Rxa6 21.cxb4 Nxd4 22.Nxd4 Bxd4
23.Bf1 Ra7 24.bxa3 O-O 25.Rb3 Rfa8 26.Rd3 Bb6 27.Bc1 Rc8 28.Rd2 g5 29.Bb5 Ng6
30.a4 Rac7 31.Bb2 Nh4 32.Be2 Rc4 33.a5 Bc7 34.Bxc4 Nf3+ 35.Kh1 Nxd2 36.Bd3 Rb8
37.Rc1 Bd6 38.a3 e5 39.Rc6 e4 40.Rxd6 exd3 41.Rxd5 Ne4 42.f3 Nf2+ 43.Kg2 Nd1
44.Bc1 Rc8 45.Bxg5 f6 46.Bf4 Rc2+ 47.Kh3 Ra2 48.a6 Nc3 49.a7  1-0

[Event "62nd ch-HUN 2012"]
[Site "Heviz HUN"]
[Date "2012.11.22"]
[Round "1.5"]
[White "Szabo,Krisz1"]
[Black "Medvegy,Z"]
[Result "1/2-1/2"]
[WhiteElo "2541"]
[BlackElo "2561"]

1.e4 g6 2.d4 Bg7 3.Nc3 c6 4.f4 d5 5.e5 Nh6 6.Nf3 f6 7.h3 Nf5 8.Bd3 Ng3 9.Rg1 fxe5
10.dxe5 Qb6 11.Na4 Qa5+ 12.c3 O-O 13.Be3 Bh6 14.b4 Qc7 15.Qd2 Nh5 16.f5 Bxe3
17.Qxe3 Bxf5 18.Bxf5 Rxf5 19.g4 Rxf3 20.Qxf3 Qxe5+ 21.Kd1 Nf4 22.Re1 Qf6
23.Qe3 Kf7 24.Rf1 e5 25.Nc5 g5 26.Nxb7 Nd7 27.Kc2 Nb6 28.Na5 Kg7 29.Rad1 Re8
30.Rf2  1/2-1/2

[Event "9th Vasylyshyn Mem IM"]
[Site "Lviv UKR"]
[Date "2012.11.22"]
[Round "3"]
[White "Gavrish,L"]
[Black "Zajarnyi,A"]
[Result "0-1"]
[WhiteElo "2138"]
[BlackElo "2324"]

1.d4 g6 2.e4 Bg7 3.Nc3 c6 4.Bc4 d6 5.f4 Nd7 6.Nf3 e6 7.O-O Ne7 8.f5 Nb6 9.Bd3 exf5
10.Bg5 f6 11.Bf4 O-O 12.h4 Be6 13.Qe2 Qd7 14.Rae1 Rae8 15.a4 Nbc8 16.Qf2 fxe4
17.Nxe4 b6 18.Qg3 Nf5 19.Qh2 d5 20.Nf2 Nh6 21.h5 g5 22.Bd2 Nd6 23.Bb4 Rd8
24.c4 Nxc4 25.Bxf8 Bxf8 26.Bxc4 dxc4 27.Ne4 Bg7 28.g3 g4 29.Nh4 f5 30.Nf2 Bxd4
31.Ng2 Nf7 32.Qh4 Re8 33.Nf4 Ne5 34.Qg5+ Qg7 35.Nxe6 Nf3+ 36.Kh1 Qxg5 37.Nxg5 Rxe1
38.Rxe1 Nxe1 39.Nd1 Nd3 40.Ne6 Bxb2 41.Ne3 c3 42.Nc2 c5  0-1

[Event "ch-Commonwealth 2012"]
[Site "Chennai IND"]
[Date "2012.11.23"]
[Round "2"]
[White "Mulay,P"]
[Black "Lalith,B"]
[Result "0-1"]
[WhiteElo "2012"]
[BlackElo "2528"]

1.e4 g6 2.d4 Bg7 3.Nc3 c6 4.f4 d5 5.e5 Qb6 6.Nf3 Nh6 7.Na4 Qc7 8.c3 Bg4 9.Be3 Nf5
10.Bf2 Nd7 11.Be2 e6 12.O-O h5 13.b4 h4 14.Nb2 O-O-O 15.Ng5 Bxe2 16.Qxe2 Rdf8
17.c4 Kb8 18.a4 Bh6 19.Nh3 Rhg8 20.c5 g5 21.fxg5 Bxg5 22.Nd3 Bh6 23.b5 Rg7
24.bxc6 bxc6 25.a5 Rfg8 26.Rfb1+ Ka8 27.a6 Rxg2+ 28.Kh1 Nxd4 29.Qh5 Nf6 30.Qxh6 Ng4
31.Qf4 Ne2 32.Kxg2 Nxf4+ 33.Nhxf4 Nxe5+ 34.Kh1 Ng4 35.Bxh4 e5 36.Rb7 Qc8
37.Ng2 Qf5 38.Nb4 Qf3 39.Rg1 Qh3 40.Bg3 Qxh2+  0-1

[Event "4th Sant Marti IM"]
[Site "Barcelona ESP"]
[Date "2012.11.24"]
[Round "9.2"]
[White "Cruz,Jon"]
[Black "Ryan,Jo"]
[Result "0-1"]
[WhiteElo "2450"]
[BlackElo "2262"]

1.e4 g6 2.d4 Bg7 3.Nc3 c6 4.Nf3 d5 5.h3 Nf6 6.e5 Ne4 7.Nxe4 dxe4 8.Ng5 c5
9.d5 Bxe5 10.Nxe4 O-O 11.c3 Nd7 12.Bh6 Re8 13.Be2 Nb6 14.Nxc5 Qxd5 15.Qxd5 Nxd5
16.Rd1 Nc7 17.Bf3 Ne6 18.Nxb7 Rb8 19.Na5 Rxb2 20.O-O Ba6 21.Bc6 Reb8 22.Bd5 Bxf1
23.Kxf1 Rb1  0-1

[Event "3rd Thanksgiving Open"]
[Site "Saint Louis USA"]
[Date "2012.11.24"]
[Round "3.6"]
[White "Ferber,Mark J"]
[Black "Bregadze,L"]
[Result "0-1"]
[WhiteElo "2214"]
[BlackElo "2361"]

1.e4 g6 2.d4 Bg7 3.Nc3 c6 4.Nf3 d6 5.Be3 b5 6.Bd3 Nf6 7.h3 O-O 8.Qd2 Nbd7
9.O-O e5 10.Ne2 d5 11.Ng3 exd4 12.Bxd4 c5 13.Bxf6 Nxf6 14.e5 Nd7 15.Bxb5 Nxe5
16.Nxe5 Bxe5 17.c3 Rb8 18.Be2 d4 19.Rad1 Qh4 20.f4 Qxg3 21.fxe5 Bxh3 22.Bc4 dxc3
23.bxc3 Bf5 24.Rf3 Qxe5 25.Re1 Rb1 26.Re3 Rxe1+ 27.Qxe1 Qd6 28.Qh4 h5 29.Qe7 Qd1+
30.Kh2 Qg4 31.Bd5 Qf4+ 32.Kg1 Be6 33.Rf3 Qc1+ 34.Rf1 Qe3+ 35.Kh1 Qd3 36.Rf2 Qe3
37.Kg1  0-1

[Event "ch-Commonwealth 2012"]
[Site "Chennai IND"]
[Date "2012.11.25"]
[Round "5"]
[White "Sai,V"]
[Black "G.,A"]
[Result "0-1"]
[WhiteElo "1999"]
[BlackElo "2404"]

1.e4 g6 2.d4 Bg7 3.Nc3 c6 4.Be3 d5 5.Nf3 dxe4 6.Nxe4 Nd7 7.Bc4 Nb6 8.Qe2 Nxc4
9.Qxc4 Nh6 10.O-O-O Ng4 11.Rhe1 O-O 12.Bg5 h6 13.Bh4 Be6 14.Qb4 g5 15.Nfxg5 hxg5
16.Bxg5 Re8 17.h3 Nf6 18.Bxf6 exf6 19.Nd6 Bf8 20.d5 Bxd6  0-1

[Event "Doroshkevicha Mem Open 2012"]
[Site "Sochi RUS"]
[Date "2012.12.04"]
[Round "9"]
[White "Trubchaninov,Timur"]
[Black "Mednikov,G"]
[Result "1-0"]
[WhiteElo "1939"]
[BlackElo "2182"]

1.e4 g6 2.d4 Bg7 3.Nc3 c6 4.Nf3 d5 5.e5 f6 6.Be2 fxe5 7.dxe5 Nh6 8.Bf4 O-O
9.Qd2 Nf7 10.O-O-O b5 11.h4 Bg4 12.Nd4 Nxe5 13.Bxg4 Nxg4 14.Ne6 Qc8 15.Nxg7 Kxg7
16.f3 e5 17.Bg3 Nf6 18.Bxe5 Nd7 19.Bd6 Re8 20.h5 Re6 21.hxg6 Rxd6 22.Qh6+ Kg8
23.Ne4 Re6 24.Ng5 Re7 25.Nxh7 Nxh7 26.gxh7+ Kh8 27.Rh4 Qc7 28.Rg4 Rae8 29.Qg6  1-0

[Event "ch-IRI 2012"]
[Site "Zahedan IRI"]
[Date "2012.12.07"]
[Round "1.13"]
[White "Khajavi,A"]
[Black "Asgari,M"]
[Result "0-1"]
[WhiteElo "2110"]
[BlackElo "2300"]

1.e4 c6 2.Nc3 g6 3.d4 Bg7 4.Nf3 d5 5.Be2 Bg4 6.exd5 cxd5 7.h3 Bxf3 8.Bxf3 e6
9.O-O Nc6 10.Ne2 Nge7 11.c3 O-O 12.Bf4 Qd7 13.Re1 f6 14.Bh2 Rad8 15.Qb3 e5
16.dxe5 fxe5 17.Bg4 Nf5 18.Ng3 Qf7 19.Rad1 Kh8 20.Rf1 Nh4 21.Rd2 Bh6 22.Rdd1 Bf4
23.Be2 Nf5 24.Nxf5 Bxh2+ 25.Kxh2 gxf5 26.f4 e4 27.Bb5 Ne7 28.Qb4 Qg7 29.Qd4 Rf6
30.g4 fxg4 31.Qe5 Rdf8 32.Rd2 Qh6 33.Qxe7 Qxh3+ 34.Kg1 Qe3+ 35.Rdf2 g3  0-1

[Event "ch-IRI 2012"]
[Site "Zahedan IRI"]
[Date "2012.12.08"]
[Round "3.9"]
[White "Akbari,Mo"]
[Black "Sadeh,S"]
[Result "0-1"]
[WhiteElo "2047"]
[BlackElo "2316"]

1.e4 g6 2.d4 Bg7 3.Nc3 c6 4.Be3 b5 5.Bd3 d6 6.Nf3 Nd7 7.O-O Ngf6 8.h3 e5
9.Ne2 O-O 10.c3 a6 11.dxe5 dxe5 12.Bc2 Qe7 13.Ng3 Rd8 14.Qc1 Qf8 15.Rd1 Bb7
16.a4 h6 17.a5 Kh7 18.b4 c5 19.Qb2 Ne8 20.Nd2 Nc7 21.h4 Ne6 22.Bb3 Nf4 23.Qa2 c4
24.Bc2 Qe7 25.Nf3 Bf6 26.h5 Bh4 27.hxg6+ fxg6 28.Nxh4 Qxh4 29.Rd6 Nf6 30.Rb6 Rd7
31.Bd1 Rad8 32.Bf3 Ng4 33.Nf1 h5 34.Bxf4 exf4 35.Qc2 Ne5 36.Qe2 Re7 37.Rd1 Rd3
38.Rxd3 cxd3 39.Qa2 Nc4 40.Rxb7 Rxb7 41.Nd2 Nxd2 42.Qxd2 Rd7 43.e5 Qe7  0-1

[Event "1st Korbach GM"]
[Site "Korbach GER"]
[Date "2012.12.10"]
[Round "1.2"]
[White "Poetsch,H"]
[Black "Czebe,A"]
[Result "1/2-1/2"]
[WhiteElo "2458"]
[BlackElo "2481"]

1.e4 g6 2.d4 Bg7 3.Nc3 c6 4.Nf3 d6 5.Bc4 Nf6 6.Bb3 O-O 7.O-O Qc7 8.e5 dxe5
9.Nxe5 Nbd7 10.Nd3 e5 11.dxe5 Nxe5 12.Bf4 Nh5 13.Bxe5 Bxe5 14.Nxe5 Qxe5 15.Re1 Qc7
16.Qf3 Kg7 17.Ne4 Be6 18.Bxe6 fxe6 19.Ng5 Nf4 20.Qxf4 Qxf4 21.Nxe6+ Kg8 22.Nxf4 Rxf4
23.Re7 Raf8 24.f3 R8f7 25.Rae1 Rd4 26.Kf2 Rd2+ 27.R1e2 Rd1 28.a4 Kf8 29.Re8+ Kg7
30.b3 a6 31.R8e7 Kf8 32.Rxf7+ Kxf7 33.f4 b5 34.axb5 cxb5 35.Ke3 Ke6 36.c4 b4
37.Ra2 Rb1 38.Rxa6+ Kf5 39.Ra5+ Kg4 40.Rg5+ Kh4 41.Kd4 Rxb3 42.c5 Rb1 43.c6 b3
44.c7 Rd1+ 45.Ke5 Rc1 46.Kd6 b2 47.Rb5 Rd1+ 48.Ke6 Rc1 49.Rxb2 Rxc7 50.Kf6 Kg4
51.Rf2 Rc6+ 52.Kg7 h5 53.Rf3 h4 54.h3+ Kf5 55.g4+ hxg3  1/2-1/2

[Event "60th ch-HUN w 2012"]
[Site "Kisvarda HUN"]
[Date "2012.12.11"]
[Round "8"]
[White "Juhasz,Ba"]
[Black "Goczo,M"]
[Result "1-0"]
[WhiteElo "2085"]
[BlackElo "2234"]

1.e4 g6 2.d4 c6 3.Nc3 Bg7 4.Nf3 d6 5.Bf4 Qb6 6.Rb1 Bg4 7.d5 Nf6 8.Be2 Nxe4
9.Nxe4 Qb4+ 10.Nfd2 Bxe2 11.Qxe2 cxd5 12.c3 Qa4 13.Nxd6+ Kf8 14.Qb5 Qxb5
15.Nxb5 Nc6 16.O-O a6 17.Na3 f5 18.Be3 e5 19.f4 d4 20.cxd4 exd4 21.Bf2 Rd8
22.Nf3 h6 23.Nc4 Kf7 24.Rfe1 Rhe8 25.Rxe8 Kxe8 26.Rd1 d3 27.Nce5 Bxe5 28.Nxe5 Nxe5
29.fxe5 Kf7 30.Bc5 Rc8 31.b4 b6 32.Bxb6 Rc3 33.Kf2 Ra3 34.Rd2 Ke6 35.Bc7 g5
36.Ke3 f4+ 37.Ke4 Rc3 38.Bd6 Ra3 39.h3 Rc3 40.Kd4 Ra3 41.Ke4 Rc3 42.a4 Ra3
43.a5 h5 44.h4 gxh4 45.Kxf4 Kd5 46.Ke3 Kc4 47.e6 Ra1 48.Kf2 Kc3 49.e7  1-0

[Event "ch-IRI 2012"]
[Site "Zahedan IRI"]
[Date "2012.12.12"]
[Round "8.8"]
[White "Hosseinzadeh,N"]
[Black "Vaghar,M"]
[Result "0-1"]
[WhiteElo "2250"]
[BlackElo "2225"]

1.e4 c6 2.d4 g6 3.Nc3 Bg7 4.Bc4 d6 5.Qf3 e6 6.Nge2 Nf6 7.Bg5 h6 8.Bh4 g5
9.Bg3 d5 10.exd5 exd5 11.Bd3 Qe7 12.h3 Be6 13.O-O O-O 14.Be5 Nbd7 15.Ng3 Rfe8
16.Rae1 Nxe5 17.dxe5 Nd7 18.Nf5 Bxf5 19.Qxf5 Nxe5 20.Qh7+ Kf8 21.Nd1 Qf6
22.Bf5 d4 23.Re4 Ng6 24.Bxg6 Qxg6 25.Qxg6 fxg6 26.Rfe1 Rxe4 27.Rxe4 Rd8 28.Kf1 Rd5
29.Ke2 Kf7 30.Kd3 a5 31.b3 a4 32.bxa4 Rc5 33.Re1 b5 34.axb5 Rxb5 35.Kd2 c5
36.Kd3 Rb4 37.c4 Rb1 38.Rf1 Ra1 39.Ne3  0-1

[Event "Ptuj Open 2012"]
[Site "Ptuj SLO"]
[Date "2012.12.23"]
[Round "2.9"]
[White "Janzekovic,Alja"]
[Black "Bohak,J"]
[Result "1/2-1/2"]
[WhiteElo "1541"]
[BlackElo "2068"]

1.e4 c6 2.d4 g6 3.Nc3 Bg7 4.Nf3 d5 5.exd5 cxd5 6.Be2 Nc6 7.h3 Nf6 8.O-O O-O
9.Bf4 a6 10.a4 Bf5 11.Be5 Rc8 12.Bd3 Nxe5 13.Nxe5 Ne4 14.Ne2 Bxe5 15.dxe5 Qc7
16.f4 Qc5+ 17.Kh2 Nf2 18.Qd2 Nxd3 19.cxd3 Qc2 20.Rfd1 Bd7 21.Nc3 Qxd2 22.Rxd2 e6
23.d4 Rc4 24.Ra3 a5 25.Kg3 Rfc8 26.Kf3 Rb4 27.Ke3 Rcc4 28.Rd3 Bxa4 29.Nxa4 Rxa4
30.Rxa4 Rxa4 31.Rb3 Rb4 32.Rxb4 axb4 33.Kd3 Kf8 34.Kc2 Ke7 35.Kb3 Kd7 36.Kxb4 Kc6
37.g3  1/2-1/2

[Event "Groningen Open A"]
[Site "Groningen NED"]
[Date "2012.12.27"]
[Round "6.11"]
[White "Pijpers,A"]
[Black "Naroditsky,D"]
[Result "1-0"]
[WhiteElo "2351"]
[BlackElo "2483"]

1.e4 g6 2.d4 Bg7 3.Nc3 c6 4.Nf3 d5 5.h3 Nh6 6.Bf4 f6 7.Bd3 Nf7 8.e5 fxe5
9.dxe5 Na6 10.Bxa6 bxa6 11.O-O e6 12.Re1 O-O 13.Na4 Qe7 14.Qd4 Rb8 15.a3 a5
16.Qc3 Bd7 17.Be3 Rfe8 18.Bxa7 Ra8 19.Bb6 Ng5 20.Nxg5 Qxg5 21.Bxa5 c5 22.Nb6 d4
23.Qd2 Qxd2 24.Bxd2 Ra7 25.Nxd7 Rxd7 26.c4 Ra8 27.f4 Rb7 28.b4 Ra4 29.bxc5 Rb2
30.Bb4 Bh6 31.Rad1 Bxf4 32.Rxd4 Bg3 33.Rf1 Bxe5 34.Re4 Bg3 35.Re3  1-0

[Event "XLII Rilton Cup"]
[Site "Stockholm SWE"]
[Date "2012.12.27"]
[Round "1.27"]
[White "Eriksen,M"]
[Black "Poley,V"]
[Result "0-1"]
[WhiteElo "2109"]
[BlackElo "2327"]

1.d4 g6 2.e4 Bg7 3.Nc3 c6 4.f4 d5 5.e5 Nh6 6.Be3 Ng4 7.Qd2 f6 8.Nf3 Nxe3
9.Qxe3 O-O 10.Be2 Bh6 11.g3 Bh3 12.Rg1 Bg4 13.Nd2 Bxe2 14.Nxe2 fxe5 15.Qxe5 c5
16.dxc5 Nc6 17.Qe6+ Kh8 18.O-O-O Rf6 19.Qh3 Bg7 20.Nb3 a5 21.a4 b5 22.Nc3 bxa4
23.Nxa4 Rb8 24.Nb6 Rxb6 25.cxb6 Qxb6 26.Na1 Rf5 27.c3 d4 28.Qg2 dxc3 29.b3 a4
30.bxa4 Qb2+ 31.Qxb2 cxb2+ 32.Kc2 bxa1=Q 33.Rxa1 Bxa1 34.Rxa1 Kg7 35.Kd3 Rc5
36.Ke4 Kf6 37.Rb1 Ke6  0-1

[Event "11th Parsvnath Open"]
[Site "New Delhi IND"]
[Date "2013.01.05"]
[Round "1.34"]
[White "Divyasri,C"]
[Black "Himanshu,Sh"]
[Result "0-1"]
[WhiteElo "2167"]
[BlackElo "2406"]

1.e4 g6 2.d4 Bg7 3.Nc3 c6 4.Nf3 d5 5.h3 Nh6 6.Bd3 O-O 7.O-O dxe4 8.Nxe4 Nf5
9.c3 Nd7 10.Bg5 Nf6 11.Re1 Nxe4 12.Bxe4 Re8 13.Qa4 Nd6 14.Bd3 Bf5 15.Rad1 Bxd3
16.Rxd3 h6 17.Bf4 e6 18.Ne5 a5 19.Qd1 a4 20.Qc1 g5 21.Bh2 Nf5 22.Qd1 f6 23.Nf3 Qd5
24.b3 b5 25.Qc2 axb3 26.axb3 Bf8 27.c4 Qd7 28.Rc1 Bb4 29.Rdd1 h5 30.Qe4 Ba3
31.Rc2 bxc4 32.Rxc4 Qd5 33.Re1 Qxe4 34.Rxe4 Ra6 35.Re1 Kf7 36.Ra1 Rea8 37.Kf1 g4
38.Nd2 Bb2 39.Raa4 Rxa4 40.bxa4 Bxd4 41.Nb3 e5 42.a5 c5 43.Ra4 Ra6 44.hxg4 hxg4
45.f3 gxf3 46.gxf3 Ke6  0-1

[Event "Prague Open A 2013"]
[Site "Prague CZE"]
[Date "2013.01.14"]
[Round "7.16"]
[White "Matsenko,A"]
[Black "Schmidt Schaeffer,S"]
[Result "1/2-1/2"]
[WhiteElo "2185"]
[BlackElo "2356"]

1.e4 g6 2.d4 Bg7 3.Nc3 c6 4.f4 d5 5.e5 Nh6 6.Nf3 O-O 7.Be2 Bg4 8.Be3 f6 9.O-O Nd7
10.Nh4 Bxe2 11.Qxe2 fxe5 12.fxe5 e6 13.g3 Nf5 14.Nxf5 gxf5 15.Qf2 Rf7 16.Ne2 Nf8
17.h4 Qb6 18.b3 Rd8  1/2-1/2

[Event "Dvorkovich Mem 2013"]
[Site "Taganrog RUS"]
[Date "2013.01.15"]
[Round "1.3"]
[White "Duzhakov,I"]
[Black "Kokarev,Dm"]
[Result "0-1"]
[WhiteElo "2316"]
[BlackElo "2627"]

1.d4 g6 2.e4 Bg7 3.Nc3 c6 4.Be3 d5 5.Be2 Qb6 6.Rb1 dxe4 7.Nxe4 Nh6 8.c3 Nf5
9.Bf4 Be6 10.a4 Nd7 11.Nf3 O-O 12.b4 Bd5 13.Nc5 Nxc5 14.bxc5 Qa5 15.Qd2 Bxf3
16.Bxf3 e5 17.Bxe5 Bxe5 18.dxe5 Rad8 19.Qb2 Qxc5 20.O-O Rd7 21.Rfe1 Re8 22.a5 Qxa5
23.c4 Qc5 24.Bg4 Qxc4 25.Bxf5 gxf5 26.Qa3 a6 27.Rb4 Qe6 28.Qf3 Red8 29.h3 b5
30.Re3 Rd4 31.Qh5 f4 32.Re4 Rd1+ 33.Kh2 c5 34.Rb2 Qg6 35.Qf3 R8d3 36.Qg4 Qxg4
37.hxg4 R1d2  0-1

[Event "5th Chennai Open 2013"]
[Site "Chennai IND"]
[Date "2013.01.16"]
[Round "1"]
[White "Naren,S"]
[Black "Dzhumaev,M"]
[Result "0-1"]
[WhiteElo "1892"]
[BlackElo "2554"]

1.e4 g6 2.d4 Bg7 3.Nc3 c6 4.Bc4 d6 5.Nf3 Nf6 6.h3 d5 7.Bd3 dxe4 8.Nxe4 Nbd7
9.c3 Nxe4 10.Bxe4 Nf6 11.Bd3 Qc7 12.O-O Bf5 13.Ne5 Bxd3 14.Qxd3 Rd8 15.Qe2 Nd5
16.f4 O-O 17.Nd3 e6 18.Bd2 b6 19.Be1 Qb7 20.g4 Qa6 21.Qf3 c5 22.Ne5 cxd4
23.cxd4 f6 24.Nc6 Rd6 25.Nb4 Qc4 26.Nxd5 Qxd5 27.Bc3 f5 28.Rad1 Rfd8 29.gxf5 exf5
30.b3 Qxf3 31.Rxf3 Bxd4+ 32.Bxd4 Rxd4 33.Rxd4 Rxd4 34.Rc3 a5 35.Rc6 b5 36.Rc5 Rb4
37.Kg2 Kg7 38.Kg3 Kh6 39.Kf3 a4 40.Rc3 axb3 41.axb3 Kh5 42.Kg3 Rd4 43.Re3 b4
44.Rf3 Rd2 45.Re3 Rc2 46.Kf3 Kh4 47.Re7 Rc3+ 48.Kf2 Kxh3 49.Rxh7+ Kg4 50.Rh6 Rxb3
51.Rxg6+ Kxf4 52.Rb6 Rb2+ 53.Kg1 Kf3 54.Rb5 f4 55.Rb7 Rb1+ 56.Kh2 Kf2 57.Rf7 f3
58.Rb7 b3 59.Rb8 b2 60.Rb7 Ke3 61.Re7+ Kd4 62.Rd7+ Ke5 63.Re7+ Kd6 64.Rb7 f2  0-1

[Event "Dvorkovich Mem 2013"]
[Site "Taganrog RUS"]
[Date "2013.01.17"]
[Round "3.26"]
[White "Travkina,A"]
[Black "Vastrukhin,O"]
[Result "0-1"]
[WhiteElo "2196"]
[BlackElo "2340"]

1.e4 g6 2.d4 Bg7 3.Nc3 c6 4.h3 d5 5.e5 c5 6.Bf4 Nc6 7.dxc5 d4 8.Ne4 Bf5 9.Ng3 Nxe5
10.Nxf5 gxf5 11.Bxe5 Bxe5 12.Bb5+ Kf8 13.Qd2 Qd5 14.Nf3 Bf6 15.O-O e5 16.b4 Rd8
17.Ba4 e4 18.Bb3 Qd7 19.Nh2 Kg7 20.Rfe1 Ne7 21.Nf1 Ng6 22.Ng3 h5 23.b5 h4
24.c6 bxc6 25.bxc6 Qc8 26.c7 Rd6 27.Ne2 Qxc7 28.Rad1 Qe7 29.Qb4 Rhd8 30.Qc4 R8d7
31.Ba4 Rc7 32.Qb4 Qe5 33.Bb3 Rd8 34.Qd2 Re7 35.Nc1 Nf4 36.Nd3 e3 37.Qb4 Nxd3
38.Rxd3 Rb8 39.f4 Qxf4  0-1

[Event "Dvorkovich Mem 2013"]
[Site "Taganrog RUS"]
[Date "2013.01.19"]
[Round "5.8"]
[White "Belyakov,B"]
[Black "Kokarev,Dm"]
[Result "1/2-1/2"]
[WhiteElo "2410"]
[BlackElo "2627"]

1.d4 g6 2.e4 Bg7 3.Nc3 c6 4.Nf3 d6 5.Be3 Nf6 6.h3 O-O 7.Qd2 Nbd7 8.Bh6 e5
9.Bxg7 Kxg7 10.O-O-O Qe7 11.a3 Re8 12.Be2 a6 13.Rhe1 b5 14.dxe5 dxe5 15.Qd6 Bb7
16.Bf1 Rac8 17.g4 Qxd6 18.Rxd6 Re7 19.g5 Nh5 20.Red1 Nf8 21.h4 Rcc7 22.Kd2 Bc8
23.Ke3 Bg4 24.Be2 Nf4 25.Ne1 Bc8 26.Bf3 h6 27.gxh6+ Kxh6 28.Ne2 N8e6 29.Ng3 Ng7
30.Nd3 Ne8 31.Nxf4 exf4+ 32.Kxf4 Nxd6 33.Rxd6 Kg7 34.e5 Re6 35.Ne4 Rce7 36.Rd8 Re8
37.Rxe8 Rxe8 38.Nd6 Rh8 39.Kg5 Be6 40.h5 gxh5 41.Bxh5 Kf8 42.f4 Ke7 43.f5 Bd5
44.f6+ Kf8 45.Nf5 a5 46.c3 Ke8 47.Nd6+ Kf8 48.Nf5 Ke8  1/2-1/2

[Event "5th Chennai Open 2013"]
[Site "Chennai IND"]
[Date "2013.01.22"]
[Round "10"]
[White "Kayumov,D"]
[Black "Lalith,B"]
[Result "0-1"]
[WhiteElo "2415"]
[BlackElo "2541"]

1.e4 g6 2.d4 Bg7 3.Nc3 c6 4.Nf3 d6 5.Be3 Nf6 6.Qd2 Bg4 7.Bh6 Bxh6 8.Qxh6 Bxf3
9.gxf3 Nbd7 10.O-O-O Qa5 11.Qe3 O-O-O 12.Kb1 e6 13.Ne2 d5 14.Nc1 Rhe8 15.Nb3 Qb6
16.c4 Kb8 17.c5 Qc7 18.e5 Nh5 19.f4 f6 20.Be2 Ng7 21.h4 Rg8 22.Bg4 Rdf8 23.Nc1 Qd8
24.Nd3 Qe7 25.Kc2 Rh8 26.Kc3 Kc8 27.b4 b6 28.Rb1 Kb7 29.f3 Rf7 30.h5 fxe5
31.hxg6 exf4 32.Nxf4 Rf6 33.Rxh7 Rg8 34.Re1 Nf8 35.Rh6 Qc7 36.Nd3 Nxg6 37.Qg5 Ne8
38.Bxe6 Rg7 39.Bc8+ Qxc8 40.Rxe8 Qf5 41.Qxf5 Rxf5 42.Re3 Ne7 43.a4 Rff7 44.b5 Nf5
45.bxc6+ Kc7 46.cxb6+ axb6 47.Rhe6 Nxe3 48.Rxe3 Kd6 49.Kb4 Rg1 50.Kb5 Rb1+
51.Nb4 Rf4 52.Rd3 Rb2 53.Rc3 Rxd4 54.c7 Rbxb4+ 55.Ka6 Rxa4+ 56.Kb7 Rac4 57.c8=Q Rxc8
58.Rxc8 b5 59.Kb6 b4 60.Rd8+ Ke7 61.Rb8 Kd6 62.Ka5 Rd1 63.Rxb4 Kc5 64.Rb5+ Kc4
65.Rb4+ Kc5 66.Rb5+ Kd4 67.Kb6 Rc1 68.f4 Ke4 69.Rc5 Rf1 70.Kc6 d4 71.Rd5 d3
72.Kc5 Ke3 73.f5 d2  0-1